Meranie gama žiarenia pre stanovenie prognózy radiačnej situácie v JE A-1 : Správa pre DÚ ÚŠP RVT A-01-125-803/03 Zabezpečenie JE a-1 v etape prípravy ochranného uloženia vypracovaná v rámci HZ 42/87 medzi k.p. EBO a EF SVŠT

Salvato in:
Dettagli Bibliografici
Autori principali: Dobrovodský, Jozef (Autore), Kováč, Peter (Autore), Nečas, Vladimír, 1954- (Autore)
Altri autori: Hozza, Viktor (Capo team ricerca)
Natura: Libro
Pubblicazione: Bratislava : SVŠT v Bratislave EF, 1987
Tags: Aggiungi Tag
Nessun Tag, puoi essere il primo ad aggiungerne!!

MARC

LEADER 00000nam a22000003a 4500
001 stu235298
005 20150617230144.6
008 111003s1987----------------------------d
040 |a STU  |b slo 
041 0
100 1 |a Hozza, Viktor  |4 rth 
245 1 |a Meranie gama žiarenia pre stanovenie prognózy radiačnej situácie v JE A-1 :  |b Správa pre DÚ ÚŠP RVT A-01-125-803/03 Zabezpečenie JE a-1 v etape prípravy ochranného uloženia vypracovaná v rámci HZ 42/87 medzi k.p. EBO a EF SVŠT 
260 |a Bratislava :  |b SVŠT v Bratislave EF,  |c 1987 
300 |a 79 s 
700 1 |a Dobrovodský, Jozef  |4 aut  |u E160  |U FEI Fakulta elektrotechniky a informatiky  |T FEI Katedra jadrovej fyziky a techniky  |U E160  |Y 63 
700 1 |a Kováč, Peter  |4 aut 
700 1 |a Nečas, Vladimír,  |d 1954-  |4 aut  |u E060  |U FEI Fakulta elektrotechniky a informatiky  |T FEI Ústav jadrového a fyzikálneho inžinierstva  |X 1934  |U E060  |Y 817  |7 A000001934 
996 |b EVYSK-S-366  |c E*VYSK-S-366E*VYSK-S-366  |l E  |s P  |a 0  |w stu235298_0001